[Event "33rd Leon Blitz Open 2020"]
[Site "chess.com INT"]
[Date "2020.07.14"]
[Round "3"]
[White "Manolache, Marius"]
[Black "Svane, Rasmus"]
[Result "0-1"]
[WhiteTitle "GM"]
[BlackTitle "GM"]
[WhiteElo "2541"]
[BlackElo "2613"]
[WhiteFideId "1201530"]
[BlackFideId "4657101"]
[EventDate "2020.07.14"]
[EventType "blitz"]

1. d4 d5 2. Nf3 Nf6 3. c4 e6 4. Nc3 a6 5. e3 dxc4 6. a4 c5 7. Bxc4 cxd4 8. exd4
Be7 9. O-O O-O 10. Qe2 Nc6 11. Rd1 Nb4 12. Ne5 Bd7 13. Be3 Bc6 14. Nxc6 bxc6 15.
Rac1 a5 16. f3 Nfd5 17. Bf2 Bg5 18. Rb1 h6 19. Ne4 Bh4 20. g3 Be7 21. Rbc1 Rb8
22. f4 Qc7 23. Qf3 g6 24. Rd2 Rfd8 25. Re1 Bf8 26. h4 h5 27. Kh1 Bg7 28. Bg1 Ne7
29. Nc5 Nf5 30. Red1 Qe7 31. Qe4 Nxg3+ 0-1

[Event "33rd Leon Blitz Open 2020"]
[Site "chess.com INT"]
[Date "2020.07.14"]
[Round "3"]
[White "Arencibia Monduy, Antonio"]
[Black "Sliwicka, Alicja"]
[Result "0-1"]
[WhiteTitle "CM"]
[BlackTitle "WIM"]
[WhiteElo "2148"]
[BlackElo "2317"]
[WhiteFideId "3507939"]
[BlackFideId "1150677"]
[EventDate "2020.07.14"]
[EventType "blitz"]

1. e4 c5 2. Nf3 d6 3. d4 cxd4 4. Nxd4 Nf6 5. Nc3 Bd7 6. f3 e5 7. Nb3 Be7 8. Be3
a5 9. a4 Na6 10. Nb5 Bc6 11. Qd2 d5 12. exd5 Nxd5 13. Rd1 O-O 14. c3 Qc8 15. Bb6
Nxb6 16. Bd3 f5 17. Nxa5 Nc5 18. Bc2 Rxa5 19. b4 Ra8 20. bxc5 Bxc5 21. g4 Nc4
22. Bb3 Kh8 23. Bxc4 Bxf3 24. Rf1 fxg4 25. Rc1 Qf5 26. Bd3 e4 27. Bb1 Rad8 28.
Qc2 Qg5 29. Rxf3 gxf3 30. Nd4 Qg1+ 31. Kd2 Qg2+ 32. Kd1 Bxd4 33. cxd4 Rxd4+ 34.
Ke1 Qg1# 0-1

[Event "33rd Leon Blitz Open 2020"]
[Site "chess.com INT"]
[Date "2020.07.14"]
[Round "3"]
[White "Mohota, Nisha"]
[Black "Zverev, Lev"]
[Result "1-0"]
[WhiteTitle "IM"]
[BlackTitle "CM"]
[WhiteElo "2195"]
[BlackElo "2087"]
[WhiteFideId "5004330"]
[BlackFideId "24250775"]
[EventDate "2020.07.14"]
[EventType "blitz"]

1. d4 b6 2. e4 Bb7 3. Nc3 g6 4. Nf3 Bg7 5. Be2 e6 6. Bg5 Ne7 7. Qd2 h6 8. Be3 g5
9. O-O-O a6 10. h4 g4 11. Nh2 h5 12. f3 gxf3 13. Nxf3 b5 14. a3 c5 15. dxc5 Nbc6
16. Ng5 b4 17. axb4 Nxb4 18. Bd4 f6 19. Bf3 Nec6 20. Rhf1 a5 21. Nh3 Ne5 22. Nb5
Bh6 23. Be3 Nc4 24. Bxh6 Nxd2 25. Nd6+ Ke7 26. Bxd2 Qc7 27. Nf4 Qxc5 28. Ng6+
Kxd6 29. Bxb4+ Kc7 30. Bxc5 1-0

[Event "33rd Leon Blitz Open 2020"]
[Site "chess.com INT"]
[Date "2020.07.14"]
[Round "3"]
[White "Erigaisi, Arjun"]
[Black "Sychev, Klementy"]
[Result "1-0"]
[WhiteTitle "GM"]
[BlackTitle "GM"]
[WhiteElo "2559"]
[BlackElo "2572"]
[WhiteFideId "35009192"]
[BlackFideId "4114060"]
[EventDate "2020.07.14"]
[EventType "blitz"]

1. d4 Nf6 2. c4 g6 3. Nc3 d5 4. Nf3 Bg7 5. h4 c5 6. dxc5 Be6 7. Ng5 Nc6 8. h5
Nxh5 9. Nxd5 O-O 10. Rxh5 gxh5 11. Qd3 Re8 12. Qxh7+ Kf8 13. Nxe6+ fxe6 14. Bh6
Bxh6 15. Qxh6+ Kf7 16. Qh7+ Kf8 17. O-O-O exd5 18. Rxd5 e6 19. Qh8+ Kf7 20.
Qxh5+ Kf8 21. Qh8+ Kf7 22. Qh7+ Kf8 23. Rxd8 Nxd8 24. g4 Nf7 25. g5 1-0

[Event "33rd Leon Blitz Open 2020"]
[Site "chess.com INT"]
[Date "2020.07.14"]
[Round "3"]
[White "Niemann, Hans Moke"]
[Black "Matveev, Vladimir3"]
[Result "1-0"]
[WhiteTitle "IM"]
[BlackTitle "FM"]
[WhiteElo "2465"]
[BlackElo "2368"]
[WhiteFideId "2093596"]
[BlackFideId "24130753"]
[EventDate "2020.07.14"]
[EventType "blitz"]

1. d4 Nf6 2. Nc3 d5 3. Bf4 c6 4. e3 g6 5. Nf3 Bg4 6. Be2 Bxf3 7. Bxf3 Nbd7 8. e4
dxe4 9. Nxe4 Nxe4 10. Bxe4 Bg7 11. c3 O-O 12. O-O e6 13. a4 a5 14. Qb3 Qb6 15.
Qc2 Rfe8 16. Rfe1 Nf6 17. Bf3 Nd5 18. Bg3 Rac8 19. h4 h5 20. Be2 Bf6 21. Bd3 Kg7
22. Ra3 Re7 23. Re4 Rd7 24. Rb3 Qd8 25. Qe2 Ne7 26. Be5 Nf5 27. Rf4 Bxe5 28.
Qxe5+ Qf6 29. Qxa5 Rd5 30. Qb6 e5 31. Bxf5 gxf5 32. dxe5 Qxe5 33. Qe3 Qxe3 34.
fxe3 Rc7 35. Rbb4 Kg6 36. Rbd4 Rcd7 37. Rxd5 Rxd5 38. Rd4 Re5 39. Kf2 b5 40. a5
c5 41. Rd6+ Kg7 42. Rb6 c4 43. a6 1-0

[Event "33rd Leon Blitz Open 2020"]
[Site "chess.com INT"]
[Date "2020.07.14"]
[Round "3"]
[White "Timofeev, Artyom"]
[Black "Petkov, Momchil"]
[Result "1-0"]
[WhiteTitle "GM"]
[BlackTitle "FM"]
[WhiteElo "2580"]
[BlackElo "2315"]
[WhiteFideId "4140419"]
[BlackFideId "2921642"]
[EventDate "2020.07.14"]
[EventType "blitz"]

1. c4 e5 2. e3 Nf6 3. Nc3 g6 4. Nf3 d6 5. d3 Bg7 6. g3 O-O 7. Bg2 Nbd7 8. O-O
Re8 9. Qc2 c6 10. b3 Nf8 11. Bb2 Bf5 12. h3 d5 13. cxd5 cxd5 14. e4 dxe4 15.
dxe4 Bd7 16. Rfd1 Qc7 17. Rac1 Rac8 18. Qe2 Qb8 19. Qe3 Bc6 20. Bf1 Ne6 21. a4
h5 22. Bc4 Nd4 23. Nxd4 exd4 24. Rxd4 Nxe4 25. Nxe4 Bxe4 26. Bxf7+ Kxf7 27. Rd7+
Kf8 28. Bxg7+ Kg8 29. Bc3 Bf5 30. Qh6 1-0

[Event "33rd Leon Blitz Open 2020"]
[Site "chess.com INT"]
[Date "2020.07.14"]
[Round "3"]
[White "Mekhitarian, Krikor Sevag"]
[Black "Stojanovski, Sandi"]
[Result "1-0"]
[WhiteTitle "GM"]
[BlackTitle "FM"]
[WhiteElo "2554"]
[BlackElo "2232"]
[WhiteFideId "2107660"]
[BlackFideId "1403249"]
[EventDate "2020.07.14"]
[EventType "blitz"]

1. e4 d6 2. d4 Nf6 3. Nc3 g6 4. Be3 c6 5. f4 Ng4 6. Bc1 e5 7. dxe5 dxe5 8. Qxd8+
Kxd8 9. Nf3 Bc5 10. h3 Ne3 11. Bxe3 Bxe3 12. Nxe5 Ke7 13. g3 Be6 14. Nf3 Nd7 15.
Bd3 Nc5 16. Ke2 Nxd3 17. cxd3 Bb6 18. b3 a5 19. Rac1 Rhd8 20. g4 f6 21. f5 Bf7
22. Rhd1 Bc7 23. Ke3 g5 24. Rc2 Rd7 25. Na4 Bf4+ 26. Ke2 b5 27. Nb6 1-0

[Event "33rd Leon Blitz Open 2020"]
[Site "chess.com INT"]
[Date "2020.07.14"]
[Round "3"]
[White "Perrine, Dalton"]
[Black "Shvedova, Alexandra"]
[Result "0-1"]
[WhiteTitle "FM"]
[BlackTitle "WFM"]
[WhiteElo "2247"]
[BlackElo "1994"]
[WhiteFideId "2048434"]
[BlackFideId "54154782"]
[EventDate "2020.07.14"]
[EventType "blitz"]

1. d4 d5 2. c4 e6 3. Nc3 Be7 4. cxd5 exd5 5. Bf4 Nf6 6. e3 O-O 7. Bd3 c5 8. Nge2
Nc6 9. O-O a6 10. Rc1 c4 11. Bb1 b5 12. a3 Bb7 13. Qc2 Re8 14. Be5 g6 15. Nf4
Nxe5 16. dxe5 Ne4 17. Ncxd5 Bxd5 18. Rfd1 Nc5 19. Rxd5 Qc7 20. Rcd1 Bf8 21. e6
Nxe6 22. Rd7 Qc6 23. Nxg6 hxg6 24. Rxf7 Kxf7 25. Qxg6+ Ke7 0-1

[Event "33rd Leon Blitz Open 2020"]
[Site "chess.com INT"]
[Date "2020.07.14"]
[Round "3"]
[White "Srdanovic, Jovana"]
[Black "Macovei, Andrei"]
[Result "0-1"]
[WhiteTitle "WFM"]
[BlackTitle "IM"]
[WhiteElo "2070"]
[BlackElo "2453"]
[WhiteFideId "954810"]
[BlackFideId "13904680"]
[EventDate "2020.07.14"]
[EventType "blitz"]

1. d4 Nf6 2. c4 e6 3. Nc3 Bb4 4. f3 c5 5. d5 d6 6. e4 b5 7. Ne2 bxc4 8. Nf4
Bxc3+ 9. bxc3 e5 10. Ne2 Nh5 11. h4 Qf6 12. Bg5 Qg6 13. g4 Nf4 14. Nxf4 exf4 15.
Bxf4 Nd7 16. Bxc4 O-O 17. Qd2 h5 18. Rg1 Re8 19. O-O-O Nf6 20. gxh5 Qxh5 21. Rg5
Qxf3 22. Rdg1 g6 23. e5 Ne4 24. Qh2 Qxc3+ 25. Kd1 Qd4+ 26. Bd2 Qxc4 27. e6 Bxe6
28. dxe6 Rxe6 29. R5g4 Qd3 30. h5 Rb8 31. hxg6 Rb1# 0-1

[Event "33rd Leon Blitz Open 2020"]
[Site "chess.com INT"]
[Date "2020.07.14"]
[Round "3"]
[White "Golubka, Petro"]
[Black "Olsen, Filip Boe"]
[Result "0-1"]
[WhiteTitle "GM"]
[BlackTitle "IM"]
[WhiteElo "2495"]
[BlackElo "2353"]
[WhiteFideId "14114224"]
[BlackFideId "1440640"]
[EventDate "2020.07.14"]
[EventType "blitz"]

1. e4 c6 2. d4 d5 3. e5 Bf5 4. Nc3 e6 5. g4 Bg6 6. Nge2 c5 7. h4 h5 8. Nf4 Bh7
9. Nxh5 cxd4 10. Qxd4 Nc6 11. Bb5 Ne7 12. Bg5 a6 13. Bxc6+ Nxc6 14. Qd2 Qb6 15.
O-O-O Rc8 16. Bf6 Nb4 17. Bxg7 Rxc3 18. Nf6+ Kd8 19. Nxh7 Rxh7 20. Qg5+ Be7 21.
Bf6 Rxc2+ 22. Kb1 Qxf2 23. Qg8+ Kd7 24. Ka1 Rxb2 0-1

[Event "33rd Leon Blitz Open 2020"]
[Site "chess.com INT"]
[Date "2020.07.14"]
[Round "3"]
[White "Demchenko, Anton"]
[Black "Svane, Frederik"]
[Result "1-0"]
[WhiteTitle "GM"]
[BlackTitle "FM"]
[WhiteElo "2641"]
[BlackElo "2421"]
[WhiteFideId "4160258"]
[BlackFideId "12923044"]
[EventDate "2020.07.14"]
[EventType "blitz"]

1. d4 Nf6 2. Nf3 e6 3. Bf4 d5 4. e3 Bd6 5. Ne5 O-O 6. Nd2 b6 7. c3 Bb7 8. Bd3 c5
9. h4 Nc6 10. h5 h6 11. Qf3 Bxe5 12. dxe5 Nd7 13. Qg3 Kh8 14. Nf3 c4 15. Bc2 Nc5
16. Rh3 b5 17. Bxh6 Rg8 18. Bg5 f6 19. h6 fxg5 20. Nxg5 Qe7 21. hxg7+ Kxg7 22.
Rh7+ Kf8 23. Qf4+ Ke8 24. Rxe7+ Nxe7 25. Nh7 Kd8 26. g4 Kc7 27. Qf7 Rae8 28. Nf6 1-0

[Event "33rd Leon Blitz Open 2020"]
[Site "chess.com INT"]
[Date "2020.07.14"]
[Round "3"]
[White "Holt, Conrad"]
[Black "Nguyen, Hong Anh"]
[Result "1-0"]
[WhiteTitle "GM"]
[BlackTitle "WIM"]
[WhiteElo "2549"]
[BlackElo "1970"]
[WhiteFideId "2034387"]
[BlackFideId "12406732"]
[EventDate "2020.07.14"]
[EventType "blitz"]

1. d4 Nf6 2. c4 g6 3. Nc3 d5 4. e3 Bg7 5. Qb3 dxc4 6. Bxc4 O-O 7. Nf3 c5 8. d5
Nbd7 9. O-O Nb6 10. e4 a6 11. Bg5 Qc7 12. Be2 e6 13. d6 Qc6 14. Bxf6 Bxf6 15. e5
Bg7 16. Rfd1 Nd7 17. Rac1 Nxe5 18. Nxe5 Bxe5 19. Bf3 Qd7 20. Na4 c4 21. Qb4 a5
22. Qa3 Qd8 23. Qc5 Bd7 24. Nb6 Bf4 25. Rxc4 Bh6 26. Qc7 Qxc7 27. dxc7 Bb5 28.
Nxa8 Bxc4 29. Rd8 1-0

[Event "33rd Leon Blitz Open 2020"]
[Site "chess.com INT"]
[Date "2020.07.14"]
[Round "3"]
[White "Nguyen, Thi Thanh An"]
[Black "Padmini, Rout"]
[Result "0-1"]
[WhiteTitle "WGM"]
[BlackTitle "IM"]
[WhiteElo "2285"]
[BlackElo "2370"]
[WhiteFideId "12400300"]
[BlackFideId "5029295"]
[EventDate "2020.07.14"]
[EventType "blitz"]

1. d4 Nf6 2. c4 e6 3. Nc3 c5 4. Nf3 cxd4 5. Nxd4 d5 6. cxd5 exd5 7. Bg5 Bb4 8.
Qa4+ Nc6 9. Nxc6 Bxc3+ 10. bxc3 bxc6 11. Qxc6+ Bd7 12. Qd6 Qe7 13. Qxe7+ Kxe7
14. e3 Rhc8 15. Kd2 Rab8 16. Bd3 Rb2+ 17. Bc2 Ba4 18. Rhc1 Ke6 19. Bxf6 Kxf6 20.
Kd1 Rxc2 21. Rxc2 Rxc3 22. Rc1 Ke5 23. Kd2 Rxc2+ 24. Rxc2 Bxc2 25. Kxc2 d4 26.
Kd3 dxe3 27. Kxe3 f5 28. f4+ Kd5 29. Kd3 Kc5 30. Kc3 a5 31. a3 Kb5 32. Kb3 h6
33. h3 g5 34. g3 gxf4 35. gxf4 a4+ 36. Kc3 Kc5 37. Kd3 Kd5 38. h4 h5 39. Ke3 Kc4
40. Kd2 Kd4 0-1

[Event "33rd Leon Blitz Open 2020"]
[Site "chess.com INT"]
[Date "2020.07.14"]
[Round "3"]
[White "Vinter-Schou, Uffe"]
[Black "Castillo Pena, Patricia Evarista"]
[Result "1-0"]
[WhiteTitle "IM"]
[BlackTitle "WCM"]
[WhiteElo "2349"]
[BlackElo "1770"]
[WhiteFideId "1400568"]
[BlackFideId "6412106"]
[EventDate "2020.07.14"]
[EventType "blitz"]

1. e4 c5 2. Nf3 d6 3. Bb5+ Nd7 4. Ba4 Nf6 5. O-O e6 6. Re1 Be7 7. c4 O-O 8. Nc3
a6 9. d4 cxd4 10. Nxd4 Qc7 11. Qe2 Ne5 12. Bb3 Bd7 13. Bf4 Nc6 14. Nf3 e5 15.
Bg5 Bg4 16. Bxf6 Bxf6 17. Nd5 Qd8 18. Qe3 Bxf3 19. Qxf3 Nd4 20. Qd3 Bg5 21. Bd1
f5 22. exf5 Rxf5 23. Bg4 Rf8 24. Re4 Rc8 25. Bxc8 Qxc8 26. f4 Bd8 27. fxe5 dxe5
28. Rxe5 1-0

[Event "33rd Leon Blitz Open 2020"]
[Site "chess.com INT"]
[Date "2020.07.14"]
[Round "3"]
[White "Matlakov, Maxim"]
[Black "Garcia Cardenas, Pablo"]
[Result "1-0"]
[WhiteTitle "GM"]
[BlackTitle "IM"]
[WhiteElo "2685"]
[BlackElo "2422"]
[WhiteFideId "4168003"]
[BlackFideId "3406903"]
[EventDate "2020.07.14"]
[EventType "blitz"]

1. Nf3 d5 2. g3 Nf6 3. Bg2 c5 4. O-O e6 5. c4 d4 6. e3 Nc6 7. exd4 cxd4 8. d3
Bd6 9. Bg5 h6 10. Bxf6 Qxf6 11. Nbd2 O-O 12. Ne4 Qe7 13. Nxd6 Qxd6 14. Re1 a5
15. Qe2 Ra7 16. Rac1 b6 17. Nd2 Rd7 18. c5 bxc5 19. Ne4 Qe7 20. Nxc5 Rc7 21. a3
Rd8 22. Rc4 Nb8 23. b4 axb4 24. axb4 Ba6 25. Rcc1 Bb5 26. Qh5 Rdc8 27. Ra1 Bc6
28. Bh3 Bd5 29. Qxd5 Nc6 30. Nxe6 1-0

[Event "33rd Leon Blitz Open 2020"]
[Site "chess.com INT"]
[Date "2020.07.14"]
[Round "3"]
[White "Lugovskoy, Maxim"]
[Black "Amin, Bassem"]
[Result "0-1"]
[WhiteTitle "GM"]
[BlackTitle "GM"]
[WhiteElo "2420"]
[BlackElo "2686"]
[WhiteFideId "24126454"]
[BlackFideId "10601457"]
[EventDate "2020.07.14"]
[EventType "blitz"]

1. d4 e6 2. Nc3 d5 3. Bf4 Nf6 4. Nb5 Na6 5. e3 c6 6. Nc3 Nb8 7. Nf3 Bb4 8. Bd3
Qa5 9. O-O Bxc3 10. bxc3 Qxc3 11. Ne5 O-O 12. Qf3 Nbd7 13. Qh3 g6 14. Qh6 c5 15.
g4 c4 16. Be2 Qxc2 17. Bd1 Qc3 18. g5 Qxa1 19. Ba4 Qxa2 20. Bxd7 Nxd7 21. Nxd7
Bxd7 22. Be5 f6 23. Bxf6 Rf7 24. h4 Qe2 25. f3 Qxe3+ 26. Kg2 Rxf6 27. h5 Rf5 28.
f4 Qe2+ 29. Rf2 Qxh5 0-1

[Event "33rd Leon Blitz Open 2020"]
[Site "chess.com INT"]
[Date "2020.07.14"]
[Round "3"]
[White "Aldokhin, Ivan"]
[Black "Kulkarni, Rakesh"]
[Result "1-0"]
[WhiteTitle "IM"]
[BlackTitle "IM"]
[WhiteElo "2413"]
[BlackElo "2321"]
[WhiteFideId "24115720"]
[BlackFideId "5037077"]
[EventDate "2020.07.14"]
[EventType "blitz"]

1. e4 c5 2. Nf3 e6 3. d4 cxd4 4. Nxd4 a6 5. Nc3 b5 6. Bd3 Qc7 7. Bd2 Bb7 8. Qe2
Nf6 9. a4 b4 10. Na2 Nc6 11. Nxc6 Bxc6 12. Nxb4 Bxb4 13. Bxb4 d6 14. O-O O-O 15.
e5 dxe5 16. Bxf8 Rxf8 17. Rfe1 a5 18. Qxe5 Qb7 19. Re3 Rd8 20. Qxa5 Rc8 21. Rg3
Qxb2 22. Re1 Nh5 23. Qxh5 Qb4 24. Qxh7+ Kf8 25. Qxg7+ Ke8 26. c3 Qd6 27. Ba6 Rd8
28. Qh8+ Kd7 29. Qh7 Kc7 30. Qxf7+ Kb6 31. Bf1 Qc5 32. Rb1+ Ka5 33. Qc7+ 1-0

[Event "33rd Leon Blitz Open 2020"]
[Site "chess.com INT"]
[Date "2020.07.14"]
[Round "3"]
[White "Yashas, D."]
[Black "Singgih, Diajeng Theresa"]
[Result "0-1"]
[WhiteTitle "FM"]
[BlackTitle "WFM"]
[WhiteElo "2280"]
[BlackElo "1972"]
[WhiteFideId "5030196"]
[BlackFideId "7104391"]
[EventDate "2020.07.14"]
[EventType "blitz"]

1. b3 e5 2. Bb2 Nc6 3. e3 d5 4. Bb5 Bd6 5. Nf3 Qe7 6. c4 dxc4 7. bxc4 Bd7 8. d4
exd4 9. O-O dxe3 10. Re1 O-O-O 11. Bxg7 exf2+ 12. Kxf2 Bc5+ 13. Kf1 Be6 14. Qc1
Nd4 15. Nbd2 Nf6 16. Bxh8 Rxh8 17. Qc3 Rd8 18. Rad1 Ng4 19. h3 Nxf3 20. Nxf3
Rxd1 21. Rxd1 Ne3+ 22. Ke2 Nxd1 23. Kxd1 Qd6+ 24. Ke2 c6 25. Ba4 Qg3 26. Qh8+
Kd7 27. Ne1 Bxc4+ 28. Kd1 Qd6+ 29. Kc2 Bb4 30. Qxh7 Qd2+ 31. Kb1 Bxa2+ 32. Ka1
Bc3# 0-1

[Event "33rd Leon Blitz Open 2020"]
[Site "chess.com INT"]
[Date "2020.07.14"]
[Round "3"]
[White "Liang, Justin"]
[Black "Matinian, Nikita"]
[Result "0-1"]
[BlackTitle "GM"]
[WhiteElo "2067"]
[BlackElo "2475"]
[WhiteFideId "2099942"]
[BlackFideId "24129100"]
[EventDate "2020.07.14"]
[EventType "blitz"]

1. d4 Nf6 2. c4 g6 3. Nc3 Bg7 4. e4 d6 5. Nf3 O-O 6. Be2 e5 7. O-O Nc6 8. d5 Ne7
9. Ne1 Nd7 10. f3 f5 11. g4 Nf6 12. Nd3 c6 13. Be3 Kh8 14. b4 b5 15. Nf2 bxc4
16. Bxc4 cxd5 17. Nxd5 Nexd5 18. Bxd5 Nxd5 19. Qxd5 Rb8 20. a3 Bb7 21. Qa5 Qh4
22. Bxa7 Ra8 23. Qb6 Bh6 24. Kg2 Bf4 25. Rh1 Rf7 26. Qxd6 fxe4 27. fxe4 Rxa7 28.
Qb8+ Kg7 29. Rac1 Bxc1 30. Qxe5+ Qf6 31. Qxf6+ Rxf6 32. Rxc1 Rxa3 33. Rc7+ Rf7
34. Rc5 Ra2 0-1

[Event "33rd Leon Blitz Open 2020"]
[Site "chess.com INT"]
[Date "2020.07.14"]
[Round "3"]
[White "Williams, Simon K"]
[Black "Albornoz Cabrera, Carlos Daniel"]
[Result "0-1"]
[WhiteTitle "GM"]
[BlackTitle "GM"]
[WhiteElo "2464"]
[BlackElo "2573"]
[WhiteFideId "404454"]
[BlackFideId "3518736"]
[EventDate "2020.07.14"]
[EventType "blitz"]

1. d4 Nf6 2. Nc3 d5 3. Bf4 c5 4. e3 a6 5. Nf3 e6 6. dxc5 Bxc5 7. Bd3 Nc6 8. O-O
O-O 9. e4 h6 10. exd5 exd5 11. h3 Re8 12. Qd2 Ne4 13. Bxe4 dxe4 14. Qxd8 Nxd8
15. Nd2 f5 16. Nb3 Ba7 17. Nd5 Ne6 18. Be3 Bd7 19. Bxa7 Rxa7 20. Nb6 Bc6 21. Na5
Nc7 22. Rad1 Na8 23. Nxc6 bxc6 24. Nc4 Rae7 25. Rd6 Re6 26. Rfd1 Nc7 27. Rxe6
Rxe6 28. Rd7 Nd5 29. Ra7 f4 30. Kf1 e3 31. fxe3 fxe3 32. g3 Nb4 33. Ke2 Nxc2 34.
Rd7 c5 35. Rd6 Re4 36. b3 Nd4+ 0-1

[Event "33rd Leon Blitz Open 2020"]
[Site "chess.com INT"]
[Date "2020.07.14"]
[Round "3"]
[White "Baches Garcia, Guillermo"]
[Black "Skuhala, Barbara"]
[Result "1-0"]
[WhiteTitle "IM"]
[BlackTitle "WFM"]
[WhiteElo "2329"]
[BlackElo "2089"]
[WhiteFideId "2209764"]
[BlackFideId "14605465"]
[EventDate "2020.07.14"]
[EventType "blitz"]

1. e4 c5 2. Nf3 d6 3. d4 cxd4 4. Nxd4 Nf6 5. Nc3 a6 6. Be2 e5 7. Nf3 Be7 8. Bg5
Be6 9. Bxf6 Bxf6 10. Nd5 Bxd5 11. Qxd5 Qc7 12. O-O Be7 13. c3 Nd7 14. Rad1 O-O
15. Qd3 b5 16. Rd2 Nc5 17. Qb1 Rac8 18. Rfd1 Ne6 19. g3 Rfd8 20. Bf1 Nc5 21. Bh3
Rb8 22. Bg2 Na4 23. Ne1 Nb6 24. Bf1 Nc4 25. Bxc4 bxc4 26. Nc2 a5 27. Ne3 Qc5 28.
h4 Rb7 29. Nd5 Bf8 30. b4 cxb3 31. axb3 Rdb8 32. b4 Qc8 33. Qd3 axb4 34. cxb4
Qe6 35. Kg2 g6 36. Rc2 f5 37. Rdc1 Rf7 38. Rc7 f4 39. Rxf7 Qxf7 40. Rc7 Qe6 41.
b5 fxg3 42. Qxg3 Rxb5 43. Qf3 Bg7 44. Re7 1-0

[Event "33rd Leon Blitz Open 2020"]
[Site "chess.com INT"]
[Date "2020.07.14"]
[Round "3"]
[White "Hoang, Thi Bao Tram"]
[Black "Pujari, Rucha"]
[Result "1-0"]
[WhiteTitle "WGM"]
[BlackTitle "WIM"]
[WhiteElo "2288"]
[BlackElo "2244"]
[WhiteFideId "12401102"]
[BlackFideId "5024528"]
[EventDate "2020.07.14"]
[EventType "blitz"]

1. d4 d5 2. c4 e6 3. Nf3 Nf6 4. e3 Be7 5. Nc3 O-O 6. Qc2 Nbd7 7. Bd3 a6 8. b3 c5
9. O-O dxc4 10. bxc4 h6 11. Rb1 b6 12. d5 exd5 13. cxd5 b5 14. e4 c4 15. Be2 Qc7
16. Rd1 Bd6 17. g3 Re8 18. Nd4 b4 19. Na4 Nxe4 20. Qxc4 Nc3 21. Nxc3 bxc3 22.
Nc6 Nb6 23. Qd3 Nxd5 24. Bf3 Qxc6 25. Bxd5 Bf5 26. Qxf5 c2 27. Qxf7+ Kh8 28.
Bxh6 cxd1=Q+ 29. Rxd1 Qc3 30. Bxa8 Rxa8 31. Rxd6 Qe1+ 32. Kg2 Qe4+ 33. Kh3 Qe5
34. Bf4 1-0

[Event "33rd Leon Blitz Open 2020"]
[Site "chess.com INT"]
[Date "2020.07.14"]
[Round "3"]
[White "Vantika, Agrawal"]
[Black "Sviridova, Vlada"]
[Result "1-0"]
[WhiteTitle "WIM"]
[BlackTitle "WFM"]
[WhiteElo "2286"]
[BlackElo "2144"]
[WhiteFideId "25050389"]
[BlackFideId "24109606"]
[EventDate "2020.07.14"]
[EventType "blitz"]

1. d4 d5 2. c4 c6 3. Nf3 Nf6 4. e3 Bf5 5. Nc3 e6 6. Nh4 Be4 7. f3 Bg6 8. Qb3 Qc7
9. Bd2 Nbd7 10. cxd5 exd5 11. O-O-O b5 12. Nxg6 hxg6 13. Kb1 a5 14. Rc1 Qb6 15.
g4 Bb4 16. g5 Nh5 17. Bd3 Bxc3 18. Qxc3 Rc8 19. Qxa5 Qb7 20. Qb4 Ra8 21. Qd6 Qa7
22. a3 Qb8 23. Rxc6 Qxd6 24. Rxd6 Ng3 25. Rc1 Rxh2 26. Bb4 Nf5 27. Bxf5 gxf5 28.
Rxd5 g6 29. Rxb5 Rf2 30. Rh1 Nf8 31. Rh8 Kd7 32. Rxf8 Ra7 33. Rxf7+ 1-0

[Event "33rd Leon Blitz Open 2020"]
[Site "chess.com INT"]
[Date "2020.07.14"]
[Round "3"]
[White "Plenca, Jadranko"]
[Black "Plat, Vojtech"]
[Result "0-1"]
[WhiteTitle "IM"]
[BlackTitle "GM"]
[WhiteElo "2483"]
[BlackElo "2562"]
[WhiteFideId "14527146"]
[BlackFideId "325740"]
[EventDate "2020.07.14"]
[EventType "blitz"]

1. e4 d6 2. d4 Nf6 3. Nc3 e5 4. Nf3 exd4 5. Nxd4 Be7 6. g3 O-O 7. Bg2 Nc6 8. O-O
Bd7 9. h3 Re8 10. Re1 Bf8 11. Bg5 h6 12. Be3 Ne5 13. f4 Nc4 14. Bc1 c5 15. Nf3
Bc6 16. Qd3 b5 17. b3 Nb6 18. Bb2 c4 19. Qd4 Nfd7 20. Nd5 Rc8 21. Kh2 Bxd5 22.
exd5 Nf6 23. Nh4 Qd7 24. g4 cxb3 25. cxb3 Rc2 26. Nf5 Nbxd5 27. Kh1 Rxb2 28.
Qxb2 Nxf4 29. Nxh6+ gxh6 30. Qxf6 Nxg2 31. Kxg2 Bg7 32. Qf5 Qc6+ 33. Qf3 Qc2+
34. Kf1 Rxe1+ 35. Rxe1 Qxa2 36. Re8+ Bf8 37. Qe3 Qa1+ 38. Kg2 Kg7 39. g5 h5 40.
g6 fxg6 41. Qxa7+ Qxa7 0-1

[Event "33rd Leon Blitz Open 2020"]
[Site "chess.com INT"]
[Date "2020.07.14"]
[Round "3"]
[White "Golubev, Mikhail"]
[Black "Adhiban, Baskaran"]
[Result "0-1"]
[WhiteTitle "GM"]
[BlackTitle "GM"]
[WhiteElo "2461"]
[BlackElo "2659"]
[WhiteFideId "14100983"]
[BlackFideId "5018471"]
[EventDate "2020.07.14"]
[EventType "blitz"]

1. e4 g6 2. d4 Bg7 3. c4 c5 4. d5 d6 5. Nf3 e6 6. h3 Ne7 7. dxe6 Bxe6 8. Nc3
Nbc6 9. Bd3 Bxc3+ 10. bxc3 f6 11. O-O Qc7 12. Re1 O-O-O 13. Bf4 g5 14. Bg3 Rhg8
15. Nd2 Ne5 16. Be2 N7g6 17. Rb1 Nf4 18. Bf1 h5 19. Qa4 Kb8 20. Rb3 h4 21. Bh2
Ka8 22. Reb1 Bc8 23. Ra3 Nc6 24. Qc2 Ng6 25. f3 Nge5 26. Be2 Rdf8 27. Nf1 f5 28.
Ne3 fxe4 29. fxe4 g4 30. Nd5 Qd8 31. Bxe5 Nxe5 32. Nb6+ Kb8 33. Qa4 axb6 34.
Qa7+ Kc7 35. Rxb6 Kd7 36. Rab3 Ke6 37. Rxd6+ Qxd6 0-1